Comercio y colonialismo en el Próximo Oriente antiguo: los antecedentes coloniales de III y II milenios a. C.

Gorde:
Xehetasun bibliografikoak
Egile nagusia: Aubet, María Eugenia (Egilea)
Formatua: Liburua
Hizkuntza:gaztelania
Argitaratua: Barcelona Bellaterra 2007
Gaiak:
Etiketak: Etiketa erantsi
Etiketarik gabe, Izan zaitez lehena erregistro honi etiketa jartzen!

MARC

LEADER 00000nam a2200000 a 4500
001 UCI5672
003 CL-VaPUC
008 080404e20070000SP |||||||||||||||||spa|d
020 |a 9788472903517 
082 0 4 |a 950.1  |b AUB  |2 21 
100 0 |a Aubet, María Eugenia  |e author  |9 528221 
245 1 0 |a Comercio y colonialismo en el Próximo Oriente antiguo: los antecedentes coloniales de III y II milenios a. C. 
300 |a 447 p 
942 |c BK 
945 |d 20080404 00:00:00  |a jtorresc 
260 |a Barcelona  |b Bellaterra  |c 2007 
650 0 |a Historia antigua  |9 267521 
650 0 |a Comercio  |9 255341 
650 0 |a Arqueología   |9 265619 
650 7 |a ORIENTE ANTIGUO  |2 CL-VaPUC  |9 528222 
650 0 |a Colonialismo  |9 316469 
650 0 |a Aspectos económicos  |9 255165 
650 0 |a Civilizaciones antiguas  |9 265998 
650 0 |a Edad media  |9 258041 
583 |a last modification  |c 20080404 00:00:00  |k Rodrigo Vera 
999 |c 329393  |d 329391 
952 |0 0  |1 0  |4 0  |6 950_100000000000000_AUB_2007  |7 0  |8 A  |9 413993  |a BIBHIS  |b BIBHIS  |d 2019-11-22  |i 4424093  |o 950.1 AUB 2007  |p 4424093  |r 2025-01-20  |w 2019-11-22  |y BK  |k HIS